000
00216nam a22000857a 4500
008
221128b |||||||| |||| 00| 0 eng d
020
_a
9780545980258
100
_a
Stilton Geronimo
_9
7367
245
_a
The Kingdom of Fantasy
999
_c
12163
_d
12163